[Event "Rethymno op 3rd"]
[Site "Rethymno"]
[Date "2011.07.11"]
[Round "1"]
[White "Moen, Andreas"]
[Black "Markaki, Sofia"]
[Result "1-0"]
[WhiteElo "2333"]
[BlackElo "1642"]
[PlyCount "61"]
[EventDate "2011.07.11"]
[EventType "swiss"]
[EventRounds "9"]
[EventCountry "GRE"]
[SourceTitle "CBM 143 Extra"]
[Source "ChessBase"]
[SourceDate "2011.08.29"]
[SourceVersion "1"]
[SourceVersionDate "2011.08.29"]
[SourceQuality "1"]

1. d4 d5 2. c4 c6 3. Nf3 Nf6 4. Nc3 e6 5. e3 Nbd7 6. Bd3 dxc4 7. Bxc4 b5 8. Be2 a6 9. 0-0 c5 10. e4 cxd4 11. Qxd4 Bc5 12. Qd3 Bb7 13. e5 Nd5 14. Ne4 Be7 15. b3 h6 16. Rd1 Qc7 17. Bb2 Nf4 18. Qe3 Nxe2+ 19. Qxe2 0-0 20. Rac1 Qd8 21. Nd6 Bd5 22. Nd4 Qb6 23. N4f5 Bg5 24. Rc3 Bxg2 25. Kxg2 exf5 26. e6 Nf6 27. exf7+ Kh8 28. Rg3 Bf4 29. Rxg7 Kxg7 30. Qe6 Qc6+ 31. Kg1 1-0

[Event "GRE-ch U14 Girls"]
[Site "Eretria"]
[Date "2011.07.01"]
[Round "9.3"]
[White "Markaki, Sofia"]
[Black "Liapi Zenebisi, Irini"]
[Result "1-0"]
[WhiteElo "1639"]
[BlackElo "1416"]
[PlyCount "65"]
[EventDate "2011.06.25"]
[EventType "swiss"]
[EventRounds "9"]
[EventCountry "GRE"]
[SourceTitle "EXT 2024"]
[Source "ChessBase"]
[SourceDate "2023.10.10"]
[SourceVersion "1"]
[SourceVersionDate "2023.10.10"]
[SourceQuality "1"]

1. e4 c5 2. Nc3 e6 3. g3 d5 4. exd5 exd5 5. Bg2 Nf6 6. Nf3 d4 7. Qe2+ Qe7 8. Qxe7+ Bxe7 9. Nb5 Na6 10. Ne5 Nd7 11. Nc4 0-0 12. a3 Nf6 13. Nbd6 Bxd6 14. Nxd6 Rb8 15. 0-0 Rd8 16. Nxc8 Rdxc8 17. d3 Nc7 18. Bf4 b5 19. Bh3 Ncd5 20. Bxb8 Rxb8 21. Rfe1 h6 22. Bg2 Kf8 23. Re5 Rd8 24. Rae1 a6 25. R1e2 a5 26. Re1 b4 27. axb4 axb4 28. Ra1 g6 29. Ra5 Nb6 30. Rexc5 Nfd7 31. Rcb5 Rc8 32. Rxb4 Rxc2 33. Rab5 1-0